|
|
|
|
| LEADER |
00000nam0a2200000 4500 |
| 001 |
313379 |
| 005 |
20231102002557.0 |
| 035 |
|
|
|a (RuTPU)RU\TPU\book\338763
|
| 035 |
|
|
|a RU\TPU\book\272607
|
| 090 |
|
|
|a 313379
|
| 100 |
|
|
|a 20160122d1971 m y0rusy50 ca
|
| 101 |
0 |
|
|a rus
|
| 102 |
|
|
|a RU
|
| 105 |
|
|
|a a j 001zy
|
| 200 |
1 |
|
|a Лабораторные работы по технологии машиностроения
|e учебное пособие для техникумов
|f В. В. Данилевский
|
| 210 |
|
|
|a Москва
|c Высшая школа
|d 1971
|
| 215 |
|
|
|a 238 с.
|c ил.
|
| 320 |
|
|
|a Библиогр.: с. 234
|
| 606 |
1 |
|
|a Машиностроение
|x Технология
|2 stltpush
|3 (RuTPU)RU\TPU\subj\41485
|9 61275
|
| 610 |
1 |
|
|a учебные пособия
|
| 610 |
1 |
|
|a лабораторные работы
|
| 610 |
1 |
|
|a практические занятия
|
| 610 |
1 |
|
|a заготовки
|
| 610 |
1 |
|
|a припуски
|
| 610 |
1 |
|
|a обработка
|
| 610 |
1 |
|
|a точность
|
| 610 |
1 |
|
|a станки
|
| 610 |
1 |
|
|a погрешности
|
| 610 |
1 |
|
|a температурные деформации
|
| 610 |
1 |
|
|a жесткость
|
| 610 |
1 |
|
|a сборка
|
| 675 |
|
|
|a 621.002(076.5)
|v 4
|
| 700 |
|
1 |
|a Данилевский
|b В. В.
|g Владимир Викторович
|
| 801 |
|
1 |
|a RU
|b 63413507
|c 20140213
|
| 801 |
|
2 |
|a RU
|b 63413507
|c 20171024
|g RCR
|
| 942 |
|
|
|c BK
|